মানবমস্তিষ্ক : (Record no. 70914)
[ view plain ]
| 000 -LEADER | |
|---|---|
| fixed length control field | 00855nam a2200229 a 4500 |
| 001 - CONTROL NUMBER | |
| control field | 70914 |
| 003 - CONTROL NUMBER IDENTIFIER | |
| rucl marc code | BD-RjUL |
| 005 - DATE AND TIME OF LATEST TRANSACTION | |
| control field | 20211209082043.0 |
| 008 - FIXED-LENGTH DATA ELEMENTS--GENERAL INFORMATION | |
| fixed length control field | 170422s1990 bg |||| |||| 000 0 ben d |
| 020 ## - INTERNATIONAL STANDARD BOOK NUMBER | |
| Terms of availability | : Tk. 55.00 |
| 035 ## - SYSTEM CONTROL NUMBER | |
| System control number | (BD-RjUL)71128 |
| 040 ## - CATALOGING SOURCE | |
| Original cataloging agency | BD-RjUL |
| Language of cataloging | ben |
| Transcribing agency | BD-RjUL |
| Modifying agency | BD-RjUL |
| 041 ## - LANGUAGE CODE | |
| Language code of text/sound track or separate title | ben |
| 082 ## - DEWEY DECIMAL CLASSIFICATION NUMBER | |
| Edition number | 23 |
| Classification number | 611.81 |
| Author mark and year | HYM 1990 |
| 100 1# - MAIN ENTRY--PERSONAL NAME | |
| Personal name | হাই, হুমায়ূন কে. এম. এ. |
| 9 (RLIN) | 209865 |
| 245 10 - TITLE STATEMENT | |
| Title | মানবমস্তিষ্ক : |
| Remainder of title | [একটি সহজপাঠ্য ভূমিকা] / |
| Statement of responsibility, etc. | হুমায়ূন কে. এম. এ. হাই |
| 260 ## - PUBLICATION, DISTRIBUTION, ETC. (IMPRINT) | |
| Place of publication, distribution, etc. | ঢাকা : |
| Name of publisher, distributor, etc. | বাংলা একাডেমী, |
| Date of publication, distribution, etc. | ১৯৯০ [১৩৯৭] |
| 300 ## - PHYSICAL DESCRIPTION | |
| Pagination | ১৪০ পৃ. ; |
| Size | ২৬ সেমি. |
| 650 ## - SUBJECT ADDED ENTRY--TOPICAL TERM | |
| Topical term or geographic name as entry element | মস্তিষ্ক |
| 9 (RLIN) | 209866 |
| Topical term or geographic name as entry element | Brain |
| 9 (RLIN) | 209867 |
| 942 ## - ADDED ENTRY ELEMENTS (KOHA) | |
| Source of classification or shelving scheme | Dewey Decimal Classification |
| Koha item type | Books |
| Lost status | Source of classification or shelving scheme | Damaged status | Not for loan | Collection code | Permanent Location | Current Location | Shelving location | Date acquired | Source of acquisition | Cost, normal purchase price | Total Checkouts | Full call number | Date last seen | Copy number | Koha item type |
|---|---|---|---|---|---|---|---|---|---|---|---|---|---|---|---|
| Dewey Decimal Classification | Not For Loan | Non-fiction | Central Library, University of Rajshahi | Central Library, University of Rajshahi | Reading Room | 13/02/1992 | Bangla Academi, Dhaka | 55.00 | B 611.81 HYM 1990 | 22/04/2017 | C-1 | Books | |||
| Dewey Decimal Classification | Non-fiction | Central Library, University of Rajshahi | Central Library, University of Rajshahi | 08/03/2021 | Bangla Academy | 55.00 | B 611.81 HYM 1990 | 08/03/2021 | C-2 | Books |